[Event "Memorial A.Zaitsev"]
[Site "masterchessopen.com Vladivostok (Russia)"]
[Round "4"]
[White "Zaiatz Elena (RUS)"]
[Black "Kayumov Dmitry D (UZB)"]
[Result "1-0"]
[WhiteElo "2441"]
[BlackElo "2441"]

1.d4 Nf6 2.c4 e6 3.Nc3 Bb4 4.e3 c5 5.Bd3 Nc6 6.a3 Bxc3+ 7.bxc3 O-O 8.e4 cxd4
9.cxd4 Nxd4 10.e5 Qa5+ 11.Kf1 Ne8 12.Bb2 Nc6 13.Nf3 f5 14.Qc2 Qd8 15.Rg1 b6
16.g4 fxg4 17.Bxh7+ Kh8 18.Rxg4 Rxf3 19.Be4 Rh3 20.Rd1 Bb7 21.Rd3 Rh4 22.Qe2
Rxh2 23.Qd2 Nxe5 24.Bxe5 Bxe4 25.Rxd7 Rh1+ 26.Ke2 Qc8 27.Rxe4 Qc6 28.Rf4 Kg8
29.Rg4 Rh7 30.Qd4 Qa4 31.Bxg7 Qxd7 32.Qxd7 Nxg7 33.Rf4 Rh6 34.Qf7+ Kh7 35.Rg4
Rg8 36.Qxa7 e5 37.Qf7 Rh3 38.Rxg7+ {#r} 1-0

[Event "It (open)"]
[Site "masterchessopen.com Alphen aan den Rijn (Netherlands)"]
[Round "5"]
[White "Oei Hway Ik (NED)"]
[Black "Van Den Doel Erik (NED)"]
[Result "0-1"]
[WhiteElo "2235"]
[BlackElo "2305"]

1.d4 Nf6 2.c4 e6 3.Nc3 Bb4 4.e3 c5 5.Bd3 O-O 6.a3 Bxc3+ 7.bxc3 Nc6 8.Ne2 b6
9.O-O Ba6 10.e4 Ne8 11.f4 f5 12.Ng3 g6 13.Be3 cxd4 14.cxd4 d5 15.cxd5 Bxd3
16.Qxd3 fxe4 17.Qxe4 Qxd5 18.Qxd5 exd5 19.f5 Nd6 20.Bh6 Rf7 21.fxg6 hxg6
22.Bf4 Nb5 23.Be5 Nbxd4 24.Bxd4 Nxd4 25.Rxf7 Kxf7 26.Rd1 Nb5 27.a4 Nc3 28.Rd4
Rc8 29.Kf2 Rc4 30.Ke3 Rxa4 31.Rxa4 Nxa4 32.Kd4 Ke6 33.h4 Nc5 34.Ne2 Kd6 35.g4
Ne6+ 36.Kc3 a5 37.h5 gxh5 38.gxh5 Ke5 39.h6 Kf6 40.Kb3 b5 {#R} 0-1

[Event "It (a) (cat.3)"]
[Site "masterchessopen.com Budapest (Hungary)"]
[Round "6"]
[White "Hedman Erik (SWE)"]
[Black "Cerneanu Norbert (GER)"]
[Result "1-0"]
[WhiteElo "2320"]
[BlackElo "2270"]

1.d4 Nf6 2.c4 e6 3.Nc3 Bb4 4.e3 O-O 5.Bd3 c5 6.a3 Bxc3+ 7.bxc3 Nc6 8.Ne2 b6
9.e4 Ne8 10.Be3 d6 11.f4 f5 12.Ng3 Na5 13.O-O g6 14.d5 Ng7 15.Rf3 Qf6 16.Rc1
Ba6 17.Qe2 Rae8 18.Qa2 exd5 19.exd5 Re7 20.Nf1 Rfe8 21.Bf2 Nh5 22.Nd2 Re4
23.Bxe4 fxe4 24.Re3 Nxf4 25.Nxe4 Rxe4 26.Rxe4 Nh3+ 27.gxh3 Qg5+ 28.Bg3 Qxc1+
29.Kg2 Nxc4 30.Qf2 Qd2 31.Re8+ Kg7 32.Re7+ Kg8 33.Re8+ Kg7 34.Qxd2 Nxd2 35.Re6
Bf1+ 36.Kg1 Bxh3 37.Rxd6 Nc4 38.Rc6 Nxa3 39.Rc7+ Kf6 40.Rxh7 Bf5 41.d6 Nb5
42.d7 Bxd7 43.Rxd7 Nxc3 44.Rxa7 b5 45.Bf2 Ne4 46.Ra5 Ke5 47.Rxb5 Kd5 48.Kg2
Kc6 49.Rb8 {#r} 1-0

[Event "Ch USA (open)"]
[Site "masterchessopen.com Concord (USA)"]
[Round "11"]
[White "Levit Roman (USA)"]
[Black "Miller Ike S (USA)"]
[Result "1-0"]
[WhiteElo "2275"]
[BlackElo "2061"]

1.d4 Nf6 2.c4 e6 3.Nc3 Bb4 4.e3 c5 5.a3 Bxc3+ 6.bxc3 Nc6 7.Bd3 O-O 8.Ne2 b6
9.e4 Ne8 10.Be3 d6 11.f4 f5 12.Ng3 g6 13.O-O Ba6 14.d5 exd5 15.exf5 Ne7
16.fxg6 hxg6 17.f5 Bxc4 18.Bg5 Nf6 19.fxg6 Bxd3 20.Qxd3 c4 21.Qe2 Nxg6 22.Qe6+
Kh7 23.Bxf6 Qc8 24.Qxd5 Qc5+ 25.Qxc5 dxc5 26.Rad1 Rf7 27.Ne4 Kg8 28.Rf3 Kf8
29.Ng5 Nh4 30.Ne6+ {#r} 1-0

[Event "Ch Hungary (team) 1995/96"]
[Site "masterchessopen.com Hungary"]
[Round "1"]
[White "Vigh Bela (HUN)"]
[Black "Palkovi Jozsef (HUN)"]
[Result "0-1"]
[WhiteElo "2355"]
[BlackElo "2470"]

1.d4 Nf6 2.c4 e6 3.Nc3 Bb4 4.e3 c5 5.Bd3 O-O 6.a3 Bxc3+ 7.bxc3 Nc6 8.Ne2 b6
9.Ng3 Ba6 10.e4 Ne8 11.O-O Na5 12.dxc5 Bxc4 13.Bxc4 Nxc4 14.Qa4 d5 15.Rd1 Nf6
16.exd5 exd5 17.cxb6 Qxb6 18.Qc2 h6 19.h3 Rfe8 20.Nf5 Re4 21.Ne3 Rae8 22.Nxc4
Re1+ 23.Kh2 Qc7+ 24.g3 Qxc4 25.Bb2 R1e2 {#R} 0-1

[Event "It (open)"]
[Site "masterchessopen.com Moscow (Russia)"]
[Round "8"]
[White "Aleksandrov Aleksej (BLR)"]
[Black "Dragomarezkij Evgeni (RUS)"]
[Result "1-0"]
[WhiteElo "2525"]
[BlackElo "2475"]

1.d4 Nf6 2.c4 e6 3.Nc3 Bb4 4.e3 c5 5.a3 Bxc3+ 6.bxc3 Nc6 7.Bd3 O-O 8.Ne2 b6
9.e4 Ne8 10.O-O Ba6 11.f4 f5 12.exf5 exf5 13.dxc5 bxc5 14.Be3 d6 15.Ng3 Qc8
16.Re1 g6 17.Be2 Rb8 18.Bf2 Qc7 19.Nf1 Nf6 20.Ne3 Ne7 21.Bh4 Ne4 22.Bf3 Rbe8
23.Qd3 Bb7 24.Rad1 Nc8 25.Nd5 Qf7 26.Rb1 Kh8 27.Re3 h6 28.Bxe4 fxe4 29.Rxe4
Rxe4 30.Qxe4 Nb6 31.f5 Bxd5 32.cxd5 Qxf5 33.Re1 Nxd5 34.c4 Qxe4 35.Rxe4 Nc3
36.Re6 Rf4 37.Bf6+ Kg8 38.Bxc3 Rxc4 39.Rxg6+ Kf7 40.Rf6+ Ke7 41.Rf3 d5 42.Kf1
d4 43.Bd2 Rc2 44.Bxh6 Ke6 45.h4 c4 46.h5 d3 47.Bg5 {#r} 1-0

[Event "It (open) \"]
[Site "masterchessopen.com Pardubice (Czech Republic)"]
[Round "8"]
[White "Guseinov Aidyn (AZE)"]
[Black "Tunik Gennady (RUS)"]
[Result "0-1"]
[WhiteElo "2425"]
[BlackElo "2515"]

1.d4 Nf6 2.c4 e6 3.Nc3 Bb4 4.e3 c5 5.Bd3 Nc6 6.a3 Bxc3+ 7.bxc3 O-O 8.Ne2 b6
9.O-O Ba6 10.e4 Ne8 11.f4 f5 12.Ng3 g6 13.Be3 Na5 14.Qe2 Rc8 15.exf5 exf5
16.dxc5 bxc5 17.Rfd1 Nf6 18.h3 Qb6 19.Rab1 Qc6 20.Nf1 Rfe8 21.Nd2 Re7 22.Qf2
d6 23.Qg3 Rce8 24.Bf2 Bc8 25.Re1 Rxe1+ 26.Rxe1 Rxe1+ 27.Bxe1 Qe8 28.Bf2 Qe6
29.Qf3 Bb7 30.Qd1 Nh5 31.g3 Nxg3 32.Qa4 Nc6 33.Qb5 Ba8 34.Bxg3 Qe3+ 35.Bf2
Qxd2 36.Qa6 Qd1+ 37.Bf1 Ne7 38.Qxa7 Qf3 39.Bh4 Qe3+ 40.Bf2 Qe4 41.Bg3 Qh1+
{#R} 0-1

[Event "It"]
[Site "masterchessopen.com Recklinghausen (Germany)"]
[Round "0"]
[White "Hoefker Mathias (GER)"]
[Black "Henrich Thomas (GER)"]
[Result "0-1"]
[WhiteElo "2262"]
[BlackElo "2222"]

1.d4 Nf6 2.c4 e6 3.Nc3 Bb4 4.a3 Bxc3+ 5.bxc3 c5 6.e3 Nc6 7.Bd3 O-O 8.Ne2 b6
9.e4 Ne8 10.O-O Ba6 11.f4 f5 12.Ng3 g6 13.Be3 cxd4 14.cxd4 d5 15.cxd5 Bxd3
16.Qxd3 fxe4 17.Qxe4 Qxd5 18.Qxd5 exd5 19.f5 Nd6 20.fxg6 hxg6 21.Bf4 Nc4
22.Ne2 Rae8 23.Nc3 Nxd4 24.Rad1 Ne6 25.Nxd5 Nxf4 26.Rxf4 Rxf4 27.Nxf4 g5
28.Nh5 Kf7 29.a4 Re2 30.Rd5 Rxg2+ 31.Kh1 Ke6 32.Rb5 Ra2 33.Rxg5 Rxa4 34.Kg2
Ra3 35.h4 Ne3+ 36.Kf3 Nf5+ 37.Kg4 Nh6+ 38.Kf4 Ra4+ 39.Kf3 Nf5 40.Nf4+ Ke5
41.Nd3+ Kf6 42.Rg8 Nxh4+ 43.Ke3 Nf5+ 44.Kd2 Ke6 45.Kc3 Ra3+ 46.Kd2 Nd6 47.Rg6+
Kd5 48.Nb4+ Kc4 49.Rg4+ Kb5 50.Nd3 Nc4+ {#R} 0-1

[Event "It (open)"]
[Site "masterchessopen.com Santiago (Spain)"]
[Round "0"]
[White "Estremera Panos Sergio (ESP)"]
[Black "Garcia Carbo Marcial (ESP)"]
[Result "0-1"]
[WhiteElo "2320"]
[BlackElo "2315"]

1.d4 Nf6 2.c4 e6 3.Nc3 Bb4 4.e3 c5 5.a3 Bxc3+ 6.bxc3 Nc6 7.Bd3 O-O 8.Ne2 b6
9.e4 Ne8 10.O-O Ba6 11.f4 f5 12.Ng3 g6 13.Be3 Nf6 14.dxc5 Ng4 15.Qe1 Qh4 16.h3
Nxe3 17.Qxe3 bxc5 18.Rae1 Rac8 19.Kh2 Na5 20.exf5 gxf5 21.Rf3 Bxc4 22.Bxc4
Nxc4 23.a4 {#R} 0-1

[Event "Ch Sweden (open)"]
[Site "masterchessopen.com Sollentuna (Sweden)"]
[Round "4"]
[White "Agrest Evgenij (SWE)"]
[Black "Astrom Goran (SWE)"]
[Result "1-0"]
[WhiteElo "2475"]
[BlackElo "2290"]

1.d4 Nf6 2.c4 e6 3.Nc3 Bb4 4.e3 c5 5.Bd3 Nc6 6.a3 Bxc3+ 7.bxc3 O-O 8.e4 Ne8
9.Be3 b6 10.Nf3 d6 11.e5 f5 12.exf6 Nxf6 13.Ng5 e5 14.Qc2 h6 15.Nh7 Nxh7
16.Bxh7+ Kh8 17.Be4 Bb7 18.dxe5 dxe5 19.Bd5 Na5 20.Qe4 Qe7 21.O-O Rae8 22.Rad1
Ba6 23.f3 Qf6 24.Rfe1 Re7 25.Bf2 Rfe8 26.Bh4 g5 27.Bg3 Bc8 28.Re2 Bf5 29.Qe3
h5 30.h3 Kg7 31.Rde1 Kg6 32.Qf2 h4 33.Bh2 Kh6 34.Re3 Bg6 35.Qe2 Nc6 36.Bxc6
Qxc6 37.Bxe5 Kh7 38.Qf2 Re6 39.Qd2 Kg8 40.R3e2 {#r} 1-0

[Event "Cup Rilton"]
[Site "masterchessopen.com Stockholm (Sweden)"]
[Round "8"]
[White "Agrest Evgenij (SWE)"]
[Black "Sjoberg Mats (SWE)"]
[Result "1-0"]
[WhiteElo "2475"]
[BlackElo "2450"]

1.d4 Nf6 2.c4 e6 3.Nc3 Bb4 4.e3 O-O 5.a3 Bxc3+ 6.bxc3 c5 7.Bd3 Nc6 8.Ne2 d6
9.e4 e5 10.O-O Nd7 11.Be3 Re8 12.d5 Ne7 13.Ng3 Nf8 14.Qd2 Nfg6 15.Rae1 Qa5
16.f4 exf4 17.Bxf4 Ne5 18.Nh5 Bg4 19.Nxg7 N7g6 20.Nxe8 Rxe8 21.Bg5 Bh5 22.h3
Nf8 23.Be2 Bg6 24.Rf4 Nfd7 25.h4 h5 26.Ref1 Qxa3 27.g4 hxg4 28.Bxg4 Nxg4
29.Rxg4 Rxe4 30.Rxe4 Bxe4 31.Qe3 f5 32.Qg3 Kh8 33.Bh6 {#r} 1-0

[Event "Memorial A.Zaitsev"]
[Site "masterchessopen.com Vladivostok (Russia)"]
[Round "0"]
[White "Yurtaev Leonid (KGZ)"]
[Black "Tunik Gennady (RUS)"]
[Result "1-0"]
[WhiteElo "2505"]
[BlackElo "2515"]

1.d4 Nf6 2.c4 e6 3.Nc3 Bb4 4.a3 Bxc3+ 5.bxc3 c5 6.e3 Nc6 7.Bd3 O-O 8.Rb1 b6
9.e4 Ne8 10.Nf3 cxd4 11.cxd4 Ba6 12.e5 f5 13.Bd2 Rc8 14.Qa4 Na5 15.Bxa5 bxa5
16.O-O Qc7 17.Rfc1 Bb7 18.Qd1 g6 19.d5 Ng7 20.Bf1 Ba8 21.d6 Qd8 22.c5 f4
23.Ba6 Rb8 24.Rxb8 Qxb8 25.Nd4 Nf5 26.c6 Qb6 27.Nxf5 gxf5 28.cxd7 Qxa6 29.Qh5
Qb6 30.Qg5+ Kh8 31.Qe7 Kg8 32.Qxe6+ Kg7 33.Qe7+ Kg8 34.e6 {#r} 1-0

[Event "Bayern Regionalliga Northeast"]
[Site "masterchessopen.com Germany"]
[Round "3"]
[White "Meister Thomas"]
[Black "Kordts Wolfgang (GER)"]
[Result "0-1"]
[WhiteElo "2010"]
[BlackElo "2236"]

1.d4 Nf6 2.c4 e6 3.Nc3 Bb4 4.e3 c5 5.a3 Bxc3+ 6.bxc3 O-O 7.Bd3 Nc6 8.Ne2 b6
9.O-O Ba6 10.Ng3 Na5 11.Qe2 Rc8 12.e4 Ne8 13.e5 cxd4 14.Qh5 f5 15.Bg5 Qc7
16.cxd4 Bxc4 17.Rac1 Qb8 18.Rc3 g6 19.Qh6 d6 20.Bf4 d5 21.Nh5 Qb7 22.Qg5 b5
23.Rb1 a6 24.h4 Nc6 25.Be3 Qe7 26.Qg3 Qa7 27.Nf4 Qe7 28.Nh5 Qa7 29.Bxc4 bxc4
30.Nf4 Qe7 31.Rb6 a5 32.Ne2 Ng7 33.Bg5 Qa7 34.Rb1 Nxd4 35.Nxd4 Qxd4 36.Rb7 Rf7
{#R} 0-1

[Event "It (open)"]
[Site "masterchessopen.com Kavala (Greece)"]
[Round "0"]
[White "Arizanov Tome (MKD)"]
[Black "Bogdanovski Vlatko (MKD)"]
[Result "0-1"]
[WhiteElo "2108"]
[BlackElo "2460"]

1.d4 Nf6 2.c4 e6 3.Nc3 Bb4 4.e3 O-O 5.a3 Bxc3+ 6.bxc3 c5 7.Bd3 Nc6 8.Ne2 b6
9.O-O Ba6 10.Ng3 Na5 11.Qe2 Rc8 12.d5 Re8 13.Rd1 exd5 14.cxd5 Bxd3 15.Qxd3 c4
16.Qc2 Nb3 17.Rb1 Qe7 18.e4 Nxe4 19.Re1 f5 20.f3 Nxc1 21.fxe4 Qc5+ 22.Kh1 Nd3
23.Re2 fxe4 24.Qa4 Nf2+ 25.Kg1 Nd1+ 26.Kh1 Nxc3 27.Qxd7 Nxe2 28.Nf5 Qc7 {#R}
0-1

[Event "It (open)"]
[Site "masterchessopen.com Valkeakoski (Finland)"]
[Round "4"]
[White "Karttunen Mika (FIN)"]
[Black "Heinimaki Leo (FIN)"]
[Result "1-0"]
[WhiteElo "2423"]
[BlackElo "2072"]

1.d4 Nf6 2.c4 e6 3.Nc3 Bb4 4.e3 c5 5.a3 Bxc3+ 6.bxc3 Nc6 7.Bd3 O-O 8.Ne2 d6
9.O-O b6 10.f3 Ba6 11.Ng3 Na5 12.dxc5 dxc5 13.Qe2 Qd7 14.a4 Rad8 15.Rd1 Kh8
16.Bb2 Qc6 17.e4 e5 18.Nf5 Ne8 19.Ne7 Qd7 20.Nd5 Nd6 21.f4 Rfe8 22.f5 f6 23.g4
Bxc4 24.Bxc4 Naxc4 25.Bc1 Qf7 26.g5 Na5 27.Qg4 g6 28.Nxf6 Rf8 29.Rd3 h5 30.Rh3
Kg7 31.Rxh5 gxh5 32.Nxh5+ Kg8 33.g6 Qc4 34.f6 Qxe4 35.f7+ Rxf7 36.gxf7+ Kxf7
37.Qg7+ Ke6 38.Qh6+ Kf7 39.Qf6+ Ke8 40.Qe6+ {#r} 1-0

[Event "Ch New Zealand"]
[Site "masterchessopen.com Auckland (New Zealand)"]
[Round "0"]
[White "Metge J Nigel (NZL)"]
[Black "Barlow Matthew (NZL)"]
[Result "1-0"]
[WhiteElo "2160"]
[BlackElo "2170"]

1.d4 Nf6 2.c4 e6 3.Nc3 Bb4 4.e3 O-O 5.a3 Bxc3+ 6.bxc3 c5 7.Bd3 Nc6 8.Ne2 b6
9.O-O Ba6 10.e4 Ne8 11.e5 f5 12.exf6 Qxf6 13.Qc2 g6 14.Be3 d6 15.Qa4 Na5
16.dxc5 dxc5 17.Bxc5 Rf7 18.Rad1 Rd8 19.Ng3 Rfd7 20.Bb4 Bxc4 21.Bxc4 Rxd1
22.Bxe6+ Qxe6 23.Rxd1 Rxd1+ 24.Qxd1 Nc4 25.Qf3 Qf7 26.Qe2 a5 27.Be7 Nc7 28.a4
Qe6 29.Ne4 Qc6 30.Qf3 Qa8 31.Qf4 Nd5 32.Qf3 Qe8 33.Nd6 Nxd6 34.Qxd5+ Nf7
35.Qe6 Qxa4 36.Qc8+ Kg7 37.Qf8# 1-0

[Event "Ch New Zealand"]
[Site "masterchessopen.com Auckland (New Zealand)"]
[Round "0"]
[White "Metge J Nigel (NZL)"]
[Black "Sutherland John (NZL)"]
[Result "1-0"]
[WhiteElo "2160"]
[BlackElo "2055"]

1.d4 Nf6 2.c4 e6 3.Nc3 Bb4 4.e3 c5 5.a3 Bxc3+ 6.bxc3 Nc6 7.Bd3 O-O 8.Ne2 b6
9.e4 Ne8 10.O-O d6 11.f4 f5 12.Ng3 g6 13.Qf3 Bb7 14.Bb2 Qc8 15.Rae1 Ng7 16.h4
Qd7 17.h5 e5 18.hxg6 fxe4 19.Nxe4 hxg6 20.Qg3 exd4 21.cxd4 Nxd4 22.Bxd4 cxd4
23.Qxg6 Qe6 24.Qg3 Qh6 25.f5 Kh8 26.f6 Nh5 27.Qh4 Bxe4 28.Rxe4 Rac8 29.Rf5
{#r} 1-0

[Event "Ch Bayern"]
[Site "masterchessopen.com Bayern (Germany)"]
[Round "3"]
[White "Menacher Manfred (GER)"]
[Black "Loew Gerald (GER)"]
[Result "1-0"]
[WhiteElo "2270"]
[BlackElo "2270"]

1.d4 Nf6 2.c4 e6 3.Nc3 Bb4 4.e3 c5 5.Bd3 Nc6 6.a3 Bxc3+ 7.bxc3 O-O 8.Ne2 b6
9.O-O d6 10.e4 Ne8 11.f4 f5 12.Ng3 g6 13.Qf3 Bd7 14.Ra2 Ng7 15.Re2 Qc7 16.Rfe1
Rae8 17.d5 fxe4 18.Rxe4 Ne5 19.Qd1 exd5 20.cxd5 Nxd3 21.Qxd3 c4 22.Qd4 Nf5
23.Nxf5 gxf5 24.R4e3 Kf7 25.Qd1 Qc5 26.Kh1 Rxe3 27.Bxe3 Qc7 28.Qh5+ Kg8
29.Qg5+ Kh8 30.Bd4+ {#r} 1-0

[Event "It (open)"]
[Site "masterchessopen.com Espoo (Finland)"]
[Round "3"]
[White "Eriksson Johan (SWE)"]
[Black "Haggren Stig-Olof (FIN)"]
[Result "1-0"]
[WhiteElo "2315"]
[BlackElo "2009"]

1.d4 Nf6 2.c4 e6 3.Nc3 Bb4 4.e3 O-O 5.a3 Bxc3+ 6.bxc3 c5 7.Bd3 Nc6 8.Ne2 b6
9.e4 Ne8 10.O-O d6 11.f4 f6 12.f5 e5 13.d5 Na5 14.Rf3 Kf7 15.Rh3 Rh8 16.g4 Ba6
17.g5 fxg5 18.Ng3 g4 19.Qxg4 Nf6 20.Qe2 Nb3 21.Rb1 Nxc1 22.Rxc1 Qd7 23.Nh5
Rag8 24.Kh1 Ne8 25.Qg4 Kf8 26.Rf1 Nf6 27.Qf3 Qa4 28.Rg1 Qxa3 29.Rhg3 Nxh5
30.Qxh5 Qa4 31.f6 g6 32.Qg4 Qe8 33.Ra1 Bc8 34.f7 Kxf7 35.Rxa7+ Kf8 {#r} 1-0

[Event "Ch Germany (seniors) (team)"]
[Site "masterchessopen.com Germany"]
[Round "0"]
[White "Rost Van Tonningen Otto (NED)"]
[Black "Weigel Herbert (GER)"]
[Result "1-0"]
[WhiteElo "2280"]
[BlackElo "2118"]

1.d4 Nf6 2.c4 e6 3.Nc3 Bb4 4.a3 Bxc3+ 5.bxc3 O-O 6.e3 c5 7.Bd3 Nc6 8.Ne2 b6
9.O-O d6 10.Ng3 Ba6 11.Bb2 Na5 12.Qe2 Rc8 13.d5 Qe8 14.a4 g6 15.e4 h5 16.Rfe1
Qe7 17.Ra2 Ng4 18.f4 Qh4 19.Nf1 exd5 20.g3 Qh3 21.cxd5 c4 22.Bb1 Nb3 23.Ba3
Nc5 24.Bxc5 Rxc5 25.Nd2 Re8 26.Nf3 Nf6 27.Ng5 Qd7 28.Qd1 Ra5 29.Bc2 Qe7 30.Ra1
Nd7 31.Qd4 f6 32.Ne6 Nc5 33.f5 g5 34.h4 Nxe6 35.fxe6 Qg7 36.Kh2 Rc5 37.Rf1 Rf8
38.Rf5 Rc7 39.Raf1 Rcc8 40.hxg5 fxg5 41.Qxg7+ Kxg7 42.Rxg5+ Kh6 43.Rgf5 Rxf5
44.exf5 {#r} 1-0

[Event "It (open)"]
[Site "masterchessopen.com Las Vegas (USA)"]
[Round "6"]
[White "Zaiatz Elena (RUS)"]
[Black "Stubenrauch Steve A (USA)"]
[Result "1-0"]
[WhiteElo "2240"]
[BlackElo "2105"]

1.d4 Nf6 2.c4 e6 3.Nc3 Bb4 4.e3 c5 5.a3 Bxc3+ 6.bxc3 O-O 7.Bd3 Nc6 8.e4 d6
9.Ne2 e5 10.O-O Re8 11.d5 Ne7 12.f3 Ng6 13.Be3 Nd7 14.Qc2 Rf8 15.g3 Nb6 16.Rf2
Bd7 17.Rb1 Ne7 18.f4 exf4 19.gxf4 Ng6 20.Ng3 Ba4 21.Qe2 Nd7 22.Kh1 b6 23.Rg1
Kh8 24.Nh5 Rg8 25.Rfg2 Nf6 26.Rg3 Nxh5 27.Qxh5 Qf6 28.e5 {#r} 1-0

[Event "It (open)"]
[Site "masterchessopen.com Minsk (Belarus)"]
[Round "6"]
[White "Aleksandrov Aleksej (BLR)"]
[Black "Volzhin Alexander (RUS)"]
[Result "1-0"]
[WhiteElo "2660"]
[BlackElo "2495"]

1.d4 Nf6 2.c4 e6 3.Nc3 Bb4 4.e3 O-O 5.Bd3 c5 6.a3 Bxc3+ 7.bxc3 Nc6 8.Ne2 e5
9.O-O e4 10.Bc2 b6 11.f3 exf3 12.Rxf3 Re8 13.Qd3 Ba6 14.Ng3 d5 15.Rxf6 {#r}
1-0

[Event "It (open)"]
[Site "masterchessopen.com Nova Gorica (Slovenia)"]
[Round "1"]
[White "Punteri Marco (ITA)"]
[Black "Sale Srdjan (CRO)"]
[Result "0-1"]
[WhiteElo "2049"]
[BlackElo "2425"]

1.d4 Nf6 2.c4 e6 3.Nc3 Bb4 4.e3 c5 5.a3 Bxc3+ 6.bxc3 Nc6 7.Bd3 O-O 8.Ne2 b6
9.O-O Ba6 10.e4 Ne8 11.f4 f5 12.Ng3 g6 13.Be3 Qe7 14.Qe2 Rc8 15.Rac1 Na5 16.e5
cxd4 17.cxd4 Qxa3 18.Ra1 Qe7 19.Bd2 Bxc4 20.Bxa5 Bxd3 21.Qxd3 bxa5 22.Rxa5 d5
23.Rfa1 Rf7 24.Qa3 Rc7 25.Ne2 Qh4 26.Qa4 Ng7 27.Qb5 h6 28.g3 Qh5 29.h4 Qf3
30.R5a3 Qe4 31.Kf2 Rc2 32.Rd1 Rb7 33.Qa6 Rb6 34.Qd3 Rbb2 35.Re1 Rd2 36.Qxe4
fxe4 37.Rxa7 Nf5 38.Ra8+ Kf7 39.Ra7+ Ke8 40.Rh7 h5 41.Kf1 Rxe2 {#R} 0-1

[Event "Cup Russia (open)"]
[Site "masterchessopen.com Smolensk (Russia)"]
[Round "1"]
[White "Lomineishvili Maia (GEO)"]
[Black "Yakovich Yuri (RUS)"]
[Result "0-1"]
[WhiteElo "2350"]
[BlackElo "2610"]

1.d4 Nf6 2.c4 e6 3.Nc3 Bb4 4.e3 c5 5.Bd3 Nc6 6.a3 Bxc3+ 7.bxc3 O-O 8.e4 cxd4
9.cxd4 Nxd4 10.e5 Ne8 11.Bb2 Nc6 12.Nf3 d6 13.O-O dxe5 14.Nxe5 Qe7 15.a4 Nxe5
16.Bxe5 f6 17.Bb2 Qc7 18.Re1 Bd7 19.Re3 e5 20.Qc2 g6 21.Be4 Ng7 22.Ba3 Rf7
23.Bd5 Be6 24.Qb3 Re8 25.Rb1 Nf5 26.Rd3 Nd4 27.Qb2 Bxd5 28.cxd5 Qc4 {#R} 0-1

[Event "It (open)"]
[Site "masterchessopen.com Toulon (France)"]
[Round "3"]
[White "Wohlers-Armas Friederike (FRA)"]
[Black "Ikonnikov Vyacheslav (RUS)"]
[Result "0-1"]
[WhiteElo "2205"]
[BlackElo "2550"]

1.d4 Nf6 2.c4 e6 3.Nc3 Bb4 4.a3 Bxc3+ 5.bxc3 c5 6.e3 O-O 7.Bd3 Nc6 8.Ne2 b6
9.e4 Ne8 10.O-O Ba6 11.Be3 Nd6 12.dxc5 Nxc4 13.Bxc4 Bxc4 14.cxb6 axb6 15.Re1
d6 16.Nd4 Ne5 17.Qh5 Ra5 18.Qh3 Qa8 19.Nf3 Nd3 20.Red1 Rxa3 21.Rab1 b5 22.Qg3
Qxe4 23.Qxd6 Rxc3 24.Bd4 Rc2 25.Qg3 f6 26.Ra1 Nf4 27.Kh1 e5 28.Ra7 Nh5 29.Qh3
exd4 30.Qxh5 Rxf2 31.h3 d3 32.Qc5 Rxf3 {#R} 0-1

[Event "It (open)"]
[Site "masterchessopen.com Villalba (Spain)"]
[Round "9"]
[White "Blasco Miguel (ESP)"]
[Black "Pogorelov Ruslan (UKR)"]
[Result "0-1"]
[WhiteElo "2241"]
[BlackElo "2440"]

1.d4 Nf6 2.c4 e6 3.Nc3 Bb4 4.e3 O-O 5.Bd3 c5 6.a3 Bxc3+ 7.bxc3 Nc6 8.Ne2 d6
9.O-O e5 10.e4 h6 11.d5 Ne7 12.f3 Ng6 13.Be3 Nh7 14.g4 Qf6 15.Ng3 Nf4 16.Kh1
Ng5 17.Bb1 g6 18.Ra2 Ngh3 19.Ne2 Kg7 20.Ng1 Rh8 21.Nxh3 Nxh3 22.Rg2 Bd7 23.Bc2
b5 24.cxb5 Bxb5 25.Bd3 Bxd3 26.Qxd3 Rab8 27.Rg3 Nf4 28.Qc2 Rb7 29.Rgg1 Rhb8
30.Bc1 g5 31.Rd1 c4 32.Rgf1 Nd3 33.Be3 Rb2 34.Qa4 Re2 35.Qxa7 Rbb2 36.Bg1 Qf4
37.Bf2 Nxf2+ {#R} 0-1

[Event "Ch World (juniors) (under 20) (g)"]
[Site "masterchessopen.com Zagan (Poland)"]
[Round "10"]
[White "Lomineishvili Maia (GEO)"]
[Black "Hunt Harriet (ENG)"]
[Result "0-1"]
[WhiteElo "2350"]
[BlackElo "2360"]

1.d4 Nf6 2.c4 e6 3.Nc3 Bb4 4.e3 O-O 5.Bd3 c5 6.a3 Bxc3+ 7.bxc3 Nc6 8.Ne2 b6
9.e4 Ne8 10.e5 Ba6 11.Qc2 h6 12.Be3 d6 13.Be4 Rc8 14.Bxc6 Rxc6 15.Qa4 Qc8
16.d5 Rc7 17.dxe6 dxe5 18.Rd1 Bb7 19.Rd7 fxe6 20.Rxc7 Qxc7 21.O-O Nd6 22.Rd1
Bc6 23.Qc2 Nxc4 24.Qg6 Qf7 25.Qg3 Qh5 26.Re1 Nxa3 27.Nc1 Nc4 28.Nd3 Rf6 29.f3
Rg6 30.Qf2 Bxf3 31.g3 Bd5 {#R} 0-1

[Event "It (a)"]
[Site "masterchessopen.com Budapest (Hungary)"]
[Round "7"]
[White "Paschall William M (USA)"]
[Black "Jagodzinski Andreas (GER)"]
[Result "1-0"]
[WhiteElo "2365"]
[BlackElo "2215"]

1.d4 Nf6 2.c4 e6 3.Nc3 Bb4 4.e3 O-O 5.Bd3 c5 6.a3 Bxc3+ 7.bxc3 Nc6 8.Ne2 b6
9.e4 Ne8 10.Be3 d6 11.d5 Ne5 12.f4 Nxd3+ 13.Qxd3 e5 14.f5 Qd7 15.a4 Rb8 16.O-O
f6 17.Rfb1 Nc7 18.g4 Qe8 19.Ng3 Bd7 20.Qc2 Qf7 21.Rb2 Rfe8 22.Kh1 Kh8 23.g5
fxg5 24.Bxg5 Rf8 25.Qd1 Ne8 26.Rab1 g6 27.Rf2 gxf5 28.exf5 Nf6 29.Bxf6+ Qxf6
30.Qh5 Be8 31.Qh3 Bd7 32.Rbf1 Bxa4 33.Ne4 Qd8 34.Qh6 {#r} 1-0

[Event "Ch France (team) (2) 1998/99"]
[Site "masterchessopen.com France"]
[Round "1"]
[White "Birens Eric-Andre (FRA)"]
[Black "Bes Stephane (FRA)"]
[Result "1-0"]
[WhiteElo "1969"]
[BlackElo "2095"]

1.d4 Nf6 2.c4 e6 3.Nc3 Bb4 4.a3 Bxc3+ 5.bxc3 c5 6.e3 O-O 7.Bd3 Nc6 8.e4 cxd4
9.cxd4 Nxd4 10.e5 Qa5+ 11.Kf1 Ne8 12.Bxh7+ Kxh7 13.Qxd4 d6 14.Nf3 dxe5 15.Nxe5
Nf6 16.Bd2 Qc7 17.Re1 Nd7 18.Bb4 Nxe5 19.Bxf8 Qxc4+ 20.Qxc4 Nxc4 21.Rd1 b6
22.Be7 Ba6 23.Kg1 Rc8 24.h3 Ne5 25.Kh2 Rc2 26.Bh4 Nd3 27.a4 f5 28.a5 Kh6
29.axb6 axb6 30.Bd8 Rb2 {#r} 1-0

[Event "It (open)"]
[Site "masterchessopen.com New York (USA)"]
[Round "7"]
[White "Aleksandrov Aleksej (BLR)"]
[Black "Campora Daniel H (ARG)"]
[Result "1-0"]
[WhiteElo "2595"]
[BlackElo "2540"]

1.d4 Nf6 2.c4 e6 3.Nc3 Bb4 4.e3 O-O 5.Bd3 c5 6.a3 Bxc3+ 7.bxc3 Nc6 8.Ne2 b6
9.e4 Ne8 10.O-O Ba6 11.f4 f5 12.Ng3 g6 13.Be3 d6 14.d5 Na5 15.dxe6 Ng7 16.exf5
gxf5 17.Nxf5 Nxf5 18.Bxf5 Qe7 19.Be4 Bxc4 20.Rf3 Bxe6 21.Rg3+ {#r} 1-0

[Event "It (open)"]
[Site "masterchessopen.com Sitges (Spain)"]
[Round "0"]
[White "Hernando Rodrigo Julio A (ESP)"]
[Black "Sjodahl Pontus (SWE)"]
[Result "0-1"]
[WhiteElo "2285"]
[BlackElo "2420"]

1.d4 Nf6 2.c4 e6 3.Nc3 Bb4 4.e3 O-O 5.Bd3 c5 6.a3 Bxc3+ 7.bxc3 Nc6 8.Ne2 b6
9.e4 Ne8 10.d5 Ne5 11.f4 Nxd3+ 12.Qxd3 Ba6 13.d6 Qc8 14.f5 Qc6 15.O-O Qxd6
16.Qf3 Bxc4 17.Be3 Nf6 18.Rf2 exf5 19.exf5 Rfe8 20.Nf4 Qe5 21.Re1 Qxc3 22.Rd2
d5 {#R} 0-1